| 000 | 00477nam a22001697a 4500 | ||
|---|---|---|---|
| 003 | 0 | ||
| 005 | 20260205143403.0 | ||
| 008 | 260205b xxu||||| |||| 00| 0 eng d | ||
| 050 |
_aTR 658.4092 _bM465 2017 |
||
| 082 |
_aTR 658.4092 _bM465 2017 |
||
| 100 | _aMaxwell, John C. | ||
| 245 |
_aThe Gift of leadership : _bbook 1 / _cJohn C. Maxwell. |
||
| 260 |
_aMakati City : _bCross Over Books, _c2017. |
||
| 300 |
_a102 pages ; _c16 cm. |
||
| 650 | _aLeadership. | ||
| 942 |
_2ddc _cBK |
||
| 999 |
_c368822 _d368822 |
||